000
00253 a2200109 4500
001
66076
082
_a
621.3848 SKO
100
_a
Skolnik Merrill I
245
_a
Introduction to radar systems, 2/e
250
_a
2
260
_a
NY
_b
McGraw-Hill
_c
1980
942
_a
NUST-CAE
_k
621.3848 SKO
999
_c
301149
_d
301149